Novela zákona o finančnej kontrole účinná od 1. januára 2019
Zmeny v zákone č. 357/2015 Z. z. o finančnej kontrole a audite a o zmene a doplnení niektorých zákonov, a to od schválenia najnovšej novely zákona s účinnosťou od 1. januára 2019. V roku 2018 boli schválené dve novely zákona o finančnej kontrole a audite s účinnosťou od začiatku roka 2019. Treba uvi...
Na minha lista:
| Autor principal: | |
|---|---|
| Formato: | Capítulo de Livro |
| Idioma: | eslovaco |
| Assuntos: | |
| Tags: |
Sem tags, seja o primeiro a adicionar uma tag!
|
MARC
| LEADER | 00000naa a2200000 4500 | ||
|---|---|---|---|
| 001 | 0250475 | ||
| 005 | 20190129112545.4 | ||
| 041 | 0 | |a slo | |
| 044 | |a SK | ||
| 245 | 1 | 0 | |a Novela zákona o finančnej kontrole účinná od 1. januára 2019 |c Jozef Sýkora |
| 520 | |a Zmeny v zákone č. 357/2015 Z. z. o finančnej kontrole a audite a o zmene a doplnení niektorých zákonov, a to od schválenia najnovšej novely zákona s účinnosťou od 1. januára 2019. V roku 2018 boli schválené dve novely zákona o finančnej kontrole a audite s účinnosťou od začiatku roka 2019. Treba uviesť, že výkon administratívnej finančnej kontroly sa nemení a základná finančná kontrola sa iba bližšie špecifikuje z formálnej stránky jej výkonu. | ||
| 610 | 2 | 0 | |a zákony |
| 610 | 2 | 0 | |a novelizácia |
| 610 | 2 | 0 | |a Slovensko |
| 610 | 2 | 0 | |a kontrola finančná |
| 610 | 2 | 0 | |a audit finančný |
| 100 | 1 | |a Sýkora, Jozef | |